| Tag |
First Indicator |
Second Indicator |
Subfields |
| LEADER |
00000cam a2200000 i 4500 |
| 001 |
in00002782762 |
| 005 |
20150922151013.0 |
| 008 |
741009s1973 dcuab b f001 0 eng |
| 010 |
|
|
|a 73600063
|
| 020 |
|
|
|c $3.45
|
| 035 |
|
|
|a (OCoLC)ocm00985061
|
| 035 |
|
|
|a (OCoLC)985061
|
| 040 |
|
|
|a DLC
|c DLC
|d BTCTA
|d OCLCG
|d AST
|d UtOrBLW
|
| 043 |
|
|
|a n-us-ca
|
| 049 |
|
|
|a TXAM
|
| 050 |
0 |
0 |
|a QE90.B85
|b H5
|
| 082 |
0 |
0 |
|a 557.94/29
|
| 086 |
0 |
|
|a I 19.16:731
|
| 100 |
1 |
|
|a Hietanen, Anna Martta,
|d 1909-
|
| 245 |
1 |
0 |
|a Geology of the Pulga and Bucks Lake quadrangles, Butte and Plumas Counties, California /
|c by Anna Hietanen.
|
| 264 |
|
1 |
|a Washington :
|b U.S. Govt. Print. Off,
|c 1973.
|
| 300 |
|
|
|a v, 66 pages :
|b illustrations, maps (3 folded color in pocket) ;
|c 29 cm.
|
| 336 |
|
|
|a text
|b txt
|2 rdacontent
|
| 337 |
|
|
|a unmediated
|b n
|2 rdamedia
|
| 338 |
|
|
|a volume
|b nc
|2 rdacarrier
|
| 490 |
1 |
|
|a Geological Survey professional paper ; 731
|
| 504 |
|
|
|a Bibliography: pages 61-63.
|
| 500 |
|
|
|a Includes index.
|
| 650 |
|
0 |
|a Geology
|z California
|z Butte County.
|
| 650 |
|
0 |
|a Geology
|z California
|z Plumas County.
|
| 710 |
2 |
|
|a Geological Survey (U.S.)
|
| 830 |
|
0 |
|a Geological Survey professional paper ;
|v 731.
|
| 948 |
|
|
|a cataloged
|b h
|c 2012/11/27
|d c
|e mvaldespin
|f 12:08:01 pm
|
| 994 |
|
|
|a C0
|b TXA
|
| 999 |
|
|
|a MARS
|
| 999 |
f |
f |
|s ef45f1b4-93b5-3987-9c26-02862bfa6bea
|i a42752b1-a082-324c-860e-3a9a9466a9bb
|t 0
|
| 952 |
f |
f |
|p normal
|a Texas A&M University
|b College Station
|c Sterling C. Evans Library
|d Evans: US Documents (Annex 5th floor)
|t 0
|e I 19.16:731
|h Superintendent of Documents classification
|i unmediated -- volume
|m A14839375594
|
| 998 |
f |
f |
|a I 19.16:731
|t 0
|l Evans: US Documents (Annex 5th floor)
|